Normal view
MARC view
- Michael S. Pritchard , Ray W. James, P.E. & Elaine E, Englehardt
Entry Personal Name
001 - CONTROL NUMBER
- control field: 110344
003 - CONTROL NUMBER IDENTIFIER
- control field: NUST
005 - DATE AND TIME OF LATEST TRANSACTION
- control field: 20230315150759.0
008 - FIXED-LENGTH DATA ELEMENTS
- fixed length control field: 230315|| aca||aabn | a|a d
040 ## - CATALOGING SOURCE
- Original cataloging agency: NUST
- Transcribing agency: NUST
100 ## - HEADING--PERSONAL NAME
- Personal name: Michael S. Pritchard , Ray W. James, P.E. & Elaine E, Englehardt
670 ## - SOURCE DATA FOUND
- Source citation: Work cat.: (NUST): Harris, Jr, Charles E. 110343, Engineering Ethics :, 2019.
